NFL Quiz - Name the top 10 QB's for passing yards per year (2010-2021) - Statistics

General Stats
  • This quiz has been taken 428 times
  • The average score is 99 of 120
Answer Stats
Yards Answer % Correct
3900 | 4057 | 4109 | +8 others Tom Brady
100%
4031 | 4740 | 4839 | 5097 Patrick Mahomes
96%
4002 | 4299 | 4410 | +2 others Eli Manning
94%
4659 | 4700 | 4727 | 5477 Peyton Manning
94%
3922 | 4115 | 4295 | +5 others Aaron Rodgers
92%
4334 | 4620 | 4870 | +5 others Drew Brees
91%
4077 | 4251 | 4261 | +2 others Ben Roethlisberger
86%
4169 | 4286 | 4308 | +7 others Philip Rivers
86%
3983 | 4110 | 4212 | 4219 Russell Wilson
85%
4407 | 4544 Josh Allen
84%
4257 | 4262 | 4327 | +5 others Matthew Stafford
84%
4336 | 5014 Justin Herbert
83%
4611 Joe Burrow
81%
4093 | 4166 | 4221 | +3 others Kirk Cousins
81%
3705 | 4095 | 4177 | +8 others Matt Ryan
81%
4051 Cam Newton
79%
4054 | 4804 Derek Carr
77%
5109 Jameis Winston
77%
4042 Alex Smith
74%
4823 Deshaun Watson
74%
3804 | 4638 | 4688 Jared Goff
74%
4449 | 4902 Dak Prescott
70%
4240 | 4374 | 4593 | 4761 Andrew Luck
69%
4317 Joe Flacco
69%
3970 | 4018 | 4233 | +2 others Carson Palmer
65%
3913 | 4208 Ryan Tannehill
65%
4039 Carson Wentz
64%
4293 Andy Dalton
59%
4184 | 4903 Tony Romo
57%
4370 Matt Schaub
47%
4428 Blake Bortles
44%
4065 Josh Freeman
16%
3653 Kyle Orton
9%
No matching quizzes found
Score Distribution
Percent of People with Each Score
Percentile by Number Answered
Your Score History
You have not taken this quiz